Corporate finance : the core / (Record no. 4480)

000 -LEADER
fixed length control field 01130cam a2200337 i 4500
001 - CONTROL NUMBER
control field 20734023
003 - CONTROL NUMBER IDENTIFIER
control field OSt
005 - DATE AND TIME OF LATEST TRANSACTION
control field 20260330143444.0
008 - FIXED-LENGTH DATA ELEMENTS--GENERAL INFORMATION
fixed length control field 181106s2020 nyu b 001 0 eng
010 ## - LIBRARY OF CONGRESS CONTROL NUMBER
LC control number 2018051624
020 ## - INTERNATIONAL STANDARD BOOK NUMBER
International Standard Book Number 9780135183793
Qualifying information (alk. paper)
020 ## - INTERNATIONAL STANDARD BOOK NUMBER
Cancelled/invalid ISBN 9780134997599
Qualifying information (e-ISBN)
020 ## - INTERNATIONAL STANDARD BOOK NUMBER
Cancelled/invalid ISBN 9780135161159
Qualifying information (e-ISBN)
020 ## - INTERNATIONAL STANDARD BOOK NUMBER
International Standard Book Number 0135183790
035 ## - SYSTEM CONTROL NUMBER
System control number 20734023
040 ## - CATALOGING SOURCE
Original cataloging agency DLC
Language of cataloging eng
Transcribing agency DLC
Description conventions rda
Modifying agency DLC
042 ## - AUTHENTICATION CODE
Authentication code pcc
050 00 - LIBRARY OF CONGRESS CALL NUMBER
Classification number HG4026.B463 2020
082 00 - DEWEY DECIMAL CLASSIFICATION NUMBER
Classification number 658.15
Edition number 23
100 1# - MAIN ENTRY--PERSONAL NAME
Personal name Berk, Jonathan B.,
Dates associated with a name 1962-
Relator term author.
245 10 - TITLE STATEMENT
Title Corporate finance : the core /
Statement of responsibility, etc Jonathan Berk, Stanford University, Peter DeMarzo, Stanford University.
250 ## - EDITION STATEMENT
Edition statement Fifth edition.
300 ## - PHYSICAL DESCRIPTION
Extent xxv, 778 pages ;
Dimensions 26 cm.
490 0# - SERIES STATEMENT
Series statement The Pearson series in finance
504 ## - BIBLIOGRAPHY, ETC. NOTE
Bibliography, etc Includes bibliographical references and index.
650 #0 - SUBJECT ADDED ENTRY--TOPICAL TERM
Topical term or geographic name as entry element Corporations
General subdivision Finance.
700 1# - ADDED ENTRY--PERSONAL NAME
Personal name DeMarzo, Peter M.,
Relator term author.
906 ## - LOCAL DATA ELEMENT F, LDF (RLIN)
a 7
b cbc
c orignew
d 1
e ecip
f 20
g y-gencatlg
942 ## - ADDED ENTRY ELEMENTS (KOHA)
Source of classification or shelving scheme
Koha item type Book
Holdings
Withdrawn status Lost status Source of classification or shelving scheme Damaged status Not for loan Home library Current library Shelving location Date acquired Total Checkouts Full call number Barcode Date last seen Copy number Price effective from Koha item type
          Riara University Library Riara University Library General stack 30/03/2026   HG4026.B463 2020 10894/26 30/03/2026 C.1 30/03/2026 Book
          Riara University Library Riara University Library General stack 30/03/2026   HG4026.B463 2020 10895/26 30/03/2026 C.2 30/03/2026 Book

Riara University Library,
P.O. Box 49940-00100,
Nairobi, Kenya.